000 00402nam a2200157Ia 4500
008 230711s9999||||xx |||||||||||||| ||und||
041 _aENG
082 _a621.3
_bTO-T
100 _aTowers,T.D
245 0 _aTowers' international microprocessor selector
250 _a1st . . Ed.
260 _c1982
_aNew Delhi
_bTAB Books BME Ridge
300 _a244
650 _aElectrical Engineering
942 _cBK
999 _c1864
_d1864